Bài tập vẽ kỹ thuật cơ khí (Có hướng dẫn) /
Guardat en:
| Autor principal: | |
|---|---|
| Altres autors: | |
| Format: | Sách giấy |
| Idioma: | Vietnamese |
| Publicat: |
Hà Nội :
Đại học và Trung học Chuyên nghiệp,
1978.
|
| Etiquetes: |
Afegir etiqueta
Sense etiquetes, Sigues el primer a etiquetar aquest registre!
|
| Thư viện lưu trữ: | Thư viện Trường Đại học Đà Lạt |
|---|
| LEADER | 00712nam a2200265 4500 | ||
|---|---|---|---|
| 001 | DLU020001728 | ||
| 005 | ##19990603 | ||
| 040 | # | # | |a DLU |b vie |
| 041 | # | # | |a vie |
| 044 | # | # | |a vn |
| 082 | # | # | |a 621.815 076 |b PH-N |
| 100 | # | # | |a Phạm Văn Nhuần. |
| 245 | # | # | |a Bài tập vẽ kỹ thuật cơ khí (Có hướng dẫn) / |c Phạm Văn Nhuần, Nguyễn Đức Huệ. |
| 260 | # | # | |a Hà Nội : |b Đại học và Trung học Chuyên nghiệp, |c 1978. |
| 300 | # | # | |a 227 tr. ; |c 22 cm. |
| 700 | # | # | |a Nguyễn Đức Huệ. |
| 992 | # | # | |a 1650 |
| 994 | # | # | |a DLU |
| 900 | # | # | |a False |
| 911 | # | # | |a Administrator |
| 925 | # | # | |a G |
| 926 | # | # | |a A |
| 927 | # | # | |a SH |
| 980 | # | # | |a Thư viện Trường Đại học Đà Lạt |